| 000 | 00372nam a2200157Ia 4500 | ||
|---|---|---|---|
| 003 | Ost | ||
| 005 | 20260225132537.0 | ||
| 008 | 260225s9999||||xx |||||||||||||| ||und|| | ||
| 040 | _cfsic | ||
| 041 | _afre | ||
| 082 | _a121 | ||
| 100 |
_aUli winsich _eAuteur |
||
| 245 | 0 | _aLe pret a penser : | |
| 245 | 0 |
_bles formes de la communication / _cUli winsich |
|
| 942 | _cكتاب | ||
| 999 |
_c33293 _d33293 |
||